Mechanical behavior / (Record no. 74759)
[ view plain ]
| 000 -LEADER | |
|---|---|
| fixed length control field | 00782nam a2200265 a 4500 |
| 001 - CONTROL NUMBER | |
| control field | 74759 |
| 003 - CONTROL NUMBER IDENTIFIER | |
| rucl marc code | BD-RjUL |
| 005 - DATE AND TIME OF LATEST TRANSACTION | |
| control field | 20211209082609.0 |
| 008 - FIXED-LENGTH DATA ELEMENTS--GENERAL INFORMATION | |
| fixed length control field | 170511m19571948nyua 001 0 eng d |
| 020 ## - INTERNATIONAL STANDARD BOOK NUMBER | |
| International Standard Book Number | 047136469X |
| 035 ## - SYSTEM CONTROL NUMBER | |
| System control number | (BD-RjUL)74977 |
| 040 ## - CATALOGING SOURCE | |
| Original cataloging agency | UkOxU |
| Language of cataloging | eng |
| Transcribing agency | BD-RjUL |
| Modifying agency | BD-RjUL |
| 041 ## - LANGUAGE CODE | |
| Language code of text/sound track or separate title | eng |
| 082 ## - DEWEY DECIMAL CLASSIFICATION NUMBER | |
| Edition number | 23 |
| Classification number | 531 |
| Author mark and year | HAM 1965 |
| 100 1# - MAIN ENTRY--PERSONAL NAME | |
| Personal name | Hayden, Wayne |
| 9 (RLIN) | 212912 |
| 245 10 - TITLE STATEMENT | |
| Title | Mechanical behavior / |
| Statement of responsibility, etc. | Wayne Hayden , William G. Moffat and John Wulff |
| 260 ## - PUBLICATION, DISTRIBUTION, ETC. (IMPRINT) | |
| Place of publication, distribution, etc. | New York : |
| Name of publisher, distributor, etc. | john wiley & sons, |
| Date of publication, distribution, etc. | 1965 |
| 300 ## - PHYSICAL DESCRIPTION | |
| Pagination | x,247 p. : |
| Illustrations | ill ; |
| Size | 24 cm |
| 490 1# - SERIES STATEMENT | |
| Series statement | Srtucture and propaties of Marials ; |
| Volume/sequential designation | V- 4 |
| 500 ## - GENERAL NOTE | |
| General note | Includes Index. |
| 650 #0 - SUBJECT ADDED ENTRY--TOPICAL TERM | |
| Topical term or geographic name as entry element | Materials. |
| 9 (RLIN) | 212983 |
| Topical term or geographic name as entry element | Polymers |
| 9 (RLIN) | 225444 |
| 830 #0 - SERIES ADDED ENTRY--UNIFORM TITLE | |
| Uniform title | High polymers ; |
| Volume number/sequential designation | v. 6 |
| 942 ## - ADDED ENTRY ELEMENTS (KOHA) | |
| Source of classification or shelving scheme | Dewey Decimal Classification |
| Koha item type | Books |
| Lost status | Source of classification or shelving scheme | Damaged status | Not for loan | Collection code | Permanent Location | Current Location | Shelving location | Date acquired | Source of acquisition | Total Checkouts | Full call number | Date last seen | Copy number | Koha item type |
|---|---|---|---|---|---|---|---|---|---|---|---|---|---|---|
| Dewey Decimal Classification | Not For Loan | Non-fiction | Central Library, University of Rajshahi | Central Library, University of Rajshahi | Reading Room | 01/12/2018 | Zeitlinger | 531 HAM 1965 | 01/12/2018 | C-1 | Books | |||
| Dewey Decimal Classification | Non-fiction | Central Library, University of Rajshahi | Central Library, University of Rajshahi | 13/11/1973 | U.S. Govt. | 531 HAM 1965 | 25/02/2019 | C-2 | Books |